رواية : أرض السافلين / (Record no. 137187)
[ view plain ]
| 000 -LEADER | |
|---|---|
| fixed length control field | 00493nam a22001697a 4500 |
| 005 - DATE AND TIME OF LATEST TRANSACTION | |
| control field | 20251108175552.0 |
| 008 - FIXED-LENGTH DATA ELEMENTS--GENERAL INFORMATION | |
| fixed length control field | 250721s9999 xx 000 0 ara d |
| 082 14 - DEWEY DECIMAL CLASSIFICATION NUMBER | |
| Classification number | ق/مصط |
| 100 1# - MAIN ENTRY--PERSONAL NAME | |
| Personal name | مصطفى، احمد خالد |
| 245 10 - TITLE STATEMENT | |
| Title | رواية : أرض السافلين / |
| 264 ## - PRODUCTION, PUBLICATION, DISTRIBUTION, MANUFACTURE, AND COPYRIGHT NOTICE | |
| Name of producer, publisher, distributor, manufacturer | عصير الكتب للنشر و التوزيع، |
| 300 ## - PHYSICAL DESCRIPTION | |
| Extent | 391ص. |
| 650 17 - SUBJECT ADDED ENTRY--TOPICAL TERM | |
| Topical term or geographic name as entry element | الادب العربي |
| 650 17 - SUBJECT ADDED ENTRY--TOPICAL TERM | |
| Topical term or geographic name as entry element | الروايات العربية |
| 942 ## - ADDED ENTRY ELEMENTS (KOHA) | |
| Source of classification or shelving scheme | Dewey Decimal Classification |
| Koha item type | Books |
| حالة السحب | حالة الفقدان | مصدر التصنيف | حالة التلف | غير قابل للإعارة | المكتبة الرئيسية | المكتبة الحالية | موقع الرف | تاريخ التزويد | الرقم المتسلسل | Total Checkouts | رقم الإستدعاء | الباركود | تاريخ آخر ظهور | تاريخ الفاتورة | نوع المادة (كوها) |
|---|---|---|---|---|---|---|---|---|---|---|---|---|---|---|---|
| Dewey Decimal Classification | المكتبة المركزية | المكتبة المركزية | الإعارة | 28/07/2025 | 1680865 | ق/مصط | PLD00419832 | 28/07/2025 | 28/07/2025 | Books | |||||
| Dewey Decimal Classification | مكتبة أبو علندا العامة | مكتبة أبو علندا العامة | الإعارة | 28/07/2018 | 1680867 | ق/مصط | PLD00425299 | 28/07/2025 | 28/07/2018 | Books | |||||
| Dewey Decimal Classification | مكتبة الحسن العامة | مكتبة الحسن العامة | الإعارة | 28/07/2018 | 1680869 | ق/مصط | PLD00425301 | 28/07/2025 | 28/07/2018 | Books | |||||
| Dewey Decimal Classification | مكتبة حمزة العامة | مكتبة حمزة العامة | الإعارة | 28/07/2018 | 1680866 | ق/مصط | PLD00425298 | 28/07/2025 | 28/07/2018 | Books | |||||
| Dewey Decimal Classification | مكتبة صويلح العامة | مكتبة صويلح العامة | الإعارة | 28/07/2018 | 1680868 | ق/مصط | PLD00425300 | 28/07/2025 | 28/07/2018 | Books |